| 000 | 00786nam a2200229Ia 4500 | ||
|---|---|---|---|
| 001 | 21790 | ||
| 003 | GE_BSU | ||
| 008 | 181216s||||||||xx |||||||||||||| ||und|| | ||
| 020 | _a9789941941481 | ||
| 040 | _cGE_BSU | ||
| 080 | _a821.133.1-32 | ||
| 100 | _aფუკო, მიშელ | ||
| 245 | _aეს არ არის ჩიბუხი | ||
| 245 | _cფრანგულიდან თარგმნა ნატალია მთივლიშვილმა ; რედაქტორი მარინა ბალავაძე | ||
| 260 | _aთბილისი | ||
| 260 | _bაგორა | ||
| 260 | _c2015 | ||
| 300 | _a100 გვ. : ილ. ; 17 სმ. | ||
| 541 | _h3 ლ. | ||
| 653 | _aეს არ არის ჩიბუხი | ||
| 942 | _cBK | ||
| 999 |
_c54723 _d54723 |
||